Language attitudes in the Dutch language area (Record no. 109844)
[ view plain ]
| 000 -LEADER | |
|---|---|
| fixed length control field | 01285nam a2200325Ia 4500 |
| 245 00 - TITLE STATEMENT | |
| Title | Language attitudes in the Dutch language area |
| 260 ## - PUBLICATION, DISTRIBUTION, ETC. (IMPRINT) | |
| Place of publication | Dordrecht, Holland ; |
| -- | Providence, R.I., U.S.A. : |
| Name of publisher | Foris Publications, |
| Year of publication | 1988. |
| 300 ## - PHYSICAL DESCRIPTION | |
| Number of Pages | vi, 202 p. : |
| Other physical details | ill. |
| 490 0# - SERIES STATEMENT | |
| Series statement | Topics in sociolinguistics ; |
| 650 #0 - SUBJECT ADDED ENTRY--TOPICAL TERM | |
| Topical Term | Dutch language |
| Topical Term | Languages in contact. |
| 700 1# - ADDED ENTRY--PERSONAL NAME | |
| Personal name | Hout, Roeland van. |
| Personal name | Knops, Uus. |
| 856 40 - ELECTRONIC LOCATION AND ACCESS | |
| Uniform Resource Identifier | http://site.ebrary.com/lib/rucke/Doc?id=10599193 |
No items available.
